1600 1711 1026 1209 1166 1561 1532 1463 1271 1161 1309 1388 1881 1439 1028 1765 1053 1529 1666 1838 1750 1498 1473 1655 1172 1654 1566 1630 1437 1008 1907 1093 1248 1041 1360 1747 1278 1391 1206 1496 1862 1860 1191 1875 1559 1093 1657 1426 1809 1819 1346 1277 1812 1376 1714 1396 1022 1003 1747 1843 1761 1771 1122 1322 1665 1098 1707 1636 1044 1536 1886 1334 1189 1121 1215 1240 1900 1393 1208 1952 1857 1884 1426 1081 1532 1228 1549 1325 1899 1674 1411 1089 1926 1332 1198 1006 1334 1618 1411 BCNSPRNW ULIB Ver.6.0+V

เปลี่ยนเป็นภาษาไทย

Change to English
 แสดงรายละเอียดบรรณานุกรม
  กลับหน้าหลัก

Brief Record : Get Marc (ISO 2709) : E-mail record : QR code < ปิดหน้าต่าง
LEADER : 00000nam 2200000uu 4500
001    13399112213
003     ULIB
008    110627s2541||||th 000 0 tha d
060  4 WY85^bพ581ภ 2541
100 0  พูนพิลาศ โรจนสุพจน์
245 00 ภาพลักษณ์พยาบาลของสาธารณชน/^cพูนพิลาศ โรจนสุพจน์
260    เชียงใหม่ :^bมหาวิทยาลัยเชียงใหม่,^c2541
300    103 หน้า
650  7 พยาบาล^xจรรยาบรรณ^xวิจัย
650  7 พยาบาล^xจริยธรรม^xวิจัย
945    ^p0^l0^i013215
995    ทศพร
999 ^a ใช้งานได้ทุกระบบ
รายการนี้ยังไม่มีแท็ก
คุณยังไม่ได้ล็อกอิน คุณสามารถมีกิจกรรมร่วมกับเว็บไซต์ได้ แต่ต้องล็อกอินก่อน ::
  ล็อกอิน

รายการสื่อสารสนเทศ

ลำดับที่ ประเภท เลขเรียก/บาร์โค้ด สถานที่ สถานะ
- ไม่พบข้อมูล -

BibComment


ยังไม่เคยถูกคอมเมนท์

คอมเมนท์ทรัพยากรรายการนี้
  คอมเมนท์: ภาพลักษณ์พยาบาลขอ..


 Copyright 2026. Bcnsprnw @Library